Statistics for WWE Royal Rumble Winners

Click here to take the quiz!

General Stats

  • This quiz has been taken 85 times
    (52 since last reset)
  • The average score is 27 of 34

Answer Stats

Year WonWinner(s)% Correct
2008John Cena
93%
2013John Cena
93%
2011Alberto Del Rio
90%
2002Triple H
90%
2016Triple H
90%
2017Randy Orton
88%
2019Seth Rollins
88%
2005Batista
85%
2014Batista
85%
2009Randy Orton
85%
2006Rey Mysterio
85%
2015Roman Reigns
85%
1995Shawn Michaels
85%
1996Shawn Michaels
85%
2010Edge
83%
2001Stone Cold
83%
1998Stone Cold
83%
1997Stone Cold
83%
2020Drew McIntyre
80%
2000The Rock
80%
1991Hulk Hogan
78%
1990Hulk Hogan
78%
2007Undertaker
78%
1994Bret Hart
76%
2004Chris Benoit
76%
1988Jim Duggan
76%
1992Ric Flair
73%
2018Shinsuke Nakamura
73%
2003Brock Lesnar
71%
1989Big John Studd
68%
1994Lex Luger
68%
2012Sheamus
68%
1993Yokozuna
66%
1999Mr.McMahon
63%

Score Distribution

Percentile by Number Answered

Percent of People with Each Score

Your Score History

You have not taken this quiz since the last reset